| 000 | 00000cas 2200000za 4500 |
| 001 | 9.502065 |
| 003 | CaOODSP |
| 005 | 20251212160107 |
| 007 | cr ||||||||||| |
| 008 | 150406d19952000xxc|| p o||||f| |0fre|d |
| 040 | |aCaOODSP|bfre |
| 043 | |an-cn--- |
| 086 | 1 |aRG36-4F-PDF |
| 245 | 00|aBulletin sur l'insolvabilité. |
| 264 | 1|aOttawa, Ontario : |bIndustrie Canada |
| 310 | |aTrimestriel |
| 362 | 1 |aParaît depuis vol. 15, n° 4; ne paraît plus après vol. 20, n° 3. |
| 691 | 07|aFaillite|2gcpds |
| 710 | 1 |aCanada. |bBureau du Surintendant des faillites, |eorganisme de publication. |
| 775 | 08|tInsolvency bulletin |w(CaOODSP)9.505664 |
| 776 | 0#|tInsolvency bulletin / |w(CaOODSP)9.508648 |
| 776 | 0#|tBulletin sur l'insolvabilité / |w(CaOODSP)9.508649 |
| 780 | 00|tInsolvency bulletin / |w(CaOODSP)9.500444 |
| 785 | 00|tBulletin du BSF |w(CaOODSP)9.501555 |